La reforma militar
Guardat en:
| Autors principals: | , , |
|---|---|
| Format: | Llibre |
| Idioma: | espanyol |
| Publicat: |
Buenos Aires
Legasa
1985
|
| Col·lecció: | Nueva Información
|
| Matèries: | |
| Etiquetes: |
Afegir etiqueta
Sense etiquetes, Sigues el primer a etiquetar aquest registre!
|
MARC
| LEADER | 00000nam a2200000 a 4500 | ||
|---|---|---|---|
| 001 | UCO7650 | ||
| 003 | CL-VaPUC | ||
| 008 | 001117e19850000AG |||||||||||||||||spa|d | ||
| 082 | 0 | 4 | |a 322.5 |b MON |2 21 |
| 100 | |a Moneta, Carlos Juan |e autor |9 493676 | ||
| 700 | 0 | |a López, Ernesto |e author |9 452277 | |
| 700 | 0 | |a Romero, Aníbal |e author |9 452278 | |
| 245 | 1 | 3 | |a La reforma militar |
| 300 | |a 234 p | ||
| 942 | |c BK | ||
| 945 | |d 20001117 00:00:00 |a crobeson | ||
| 260 | |a Buenos Aires |b Legasa |c 1985 | ||
| 500 | |a Donación del profesor Manfred Wilhelmy von Wolff | ||
| 650 | 7 | |a RELACIONES CIVICO MILITARES |2 CL-VaPUC |9 315814 | |
| 650 | 0 | |a Fuerzas Armadas |9 255504 | |
| 650 | 7 | |a DEFENSA NACIONAL |2 CL-VaPUC |9 391155 | |
| 650 | 0 | |a Reformas constitucionales |9 255169 | |
| 651 | 0 | |a Argentina |9 254888 | |
| 651 | 0 | |a Venezuela |9 254993 | |
| 583 | |a last modification |c 20001117 00:00:00 |k Rodrigo Vera | ||
| 490 | 0 | |a Nueva Información | |
| 999 | |c 292536 |d 292534 | ||
| 952 | |0 0 |1 0 |4 0 |6 322_500000000000000_MON_1985 |7 0 |8 A |9 343458 |a BIBHIS |b BIBHIS |d 2019-11-20 |i 122929K |o 322.5 MON 1985 |p 122929K |r 2025-01-20 |w 2019-11-20 |y BK |k HIS | ||